000 01262nam a2200301 i 4500
001 000045792
003 DO-SdBNP
005 20240409073826.0
007 ta
008 150514s1998 dr ac 000 0 spa d
040 _aDO-SdBNP
_bspa
_cBNPHU
_erda
082 4 _aRD863.5
_bB716v
_222
100 1 _aBonnelly de Díaz, Aída,
_d1926-
_973337
_eautora
245 1 0 _aVuelo de amigos :
_bcuentos infantiles /
_cAída Bonnelly de Díaz ; ilustraciones, Manuel Emilio González ; presentación, Leibi Ng.
264 4 _aSanto Domingo :
_bAmigo del Hogar,
_c1998.
300 _a67 páginas :
_bilustraciones, fotos. ;
_c23 cm.
336 _2rdacontent
_atexto
_btxt
337 _2rdamedia
_asin mediación
_bn
338 _2rdacarrier
_avolumen
_bnc
500 _a Incluye datos biográficos de la autora página 67
505 0 _aSombra sombrita --
_tEl secreto de Sofía --
_tSí ¡Guapa! --
_tLos sabios ruiseñores --
_tVuelo de amigos --
_tDora, Malvina y su amiga --
_tEl artefacto --
_tVocabulario .
590 _aInventariado, 2024/BT
650 0 _aCuentos infantiles dominicanos
_9505
650 4 _aLiteratura infantil dominicana
_9441
700 1 _aGonzález, Manuel Emilio,
_eilustraciones
_973874
910 _aValidado. Control de calidad MFF
942 _2ddc
_cLBS1
999 _c45281
_d45281